000 00572cam a22002053a 4500
001 46047
003 PGUSA
005 20140828084058.0
008 140620s2014||||xxu|||||s|||||000 | eng d
040 _aPGUSA
_beng
042 _adc
100 1 _aGünther, A. von
245 1 0 _aTales and Legends of the Tyrol
_h[electronic resource] /
_cA. von Günther
260 _bProject Gutenberg,
_c2014
506 _aPublic domain in the USA.
516 _aElectronic text
830 0 _aProject Gutenberg
_v46047
856 4 0 _uhttp://www.gutenberg.org/ebooks/46047
942 _cEB
999 _c275296
_d275296